Utopías construidas : (Registro nro. 21956)

Detalles MARC
000 -Cabecera
Campo de control interno 00880nam a2200265Ia 4500
005 - Fecha y hora del registro
control field 20260320113328.0
008 - Elementos de Longitud Fija
fixed length control field 260320s9999||||xx |||||||||||||| ||und||
020 ## - ISBN
ISBN 9786123170769
041 ## - Idioma
Codigo Idioma ESP
082 ## - DEWEY y NOTACIÓN INTERNA
Dewey 711.409852
Notación Interna K414
100 ## - AUTOR
Autor denominación Kahatt, Sharif S.,
Término de relación autor
245 #0 - TÍTULO DE MATERIAL BIBLIOGRÁFICO
Título Utopías construidas :
Título paralelo las unidades vecinales de Lima
246 ## - TÍTULO TRADUCIDO
Título
Título paralelo
Autor
250 ## - EDICIÓN
Edición Primera edición. Primera reimpresión
260 ## - CIUDAD, EDITORIAL, AÑO
Ciudad Lima :
Nombre de la Editorial Pontificia Universidad Católica del Perú. Fondo Editorial,
Año 2015
300 ## - DESCRIPCIÓN
N° Páginas 518 páginas :
Otros detalles ilustraciones ;
Dimensiones 24 cm.
Material Adicional
440 ## - MENCIÓN DE SERIE
Título de la Serie
Número de Serie
Volumen de Serie
650 ## - TEMAS
Temas Las Artes
653 ## - DESCRIPTORES
Lenguajes no controlado Planificación de la Comunidad Local
654 ## - PROGRAMAS
Programa Dpto. Arquitectura y Urbanismo
700 ## - OTROS AUTORES
Otros autores
Títulos y otras palabras asociadas con el nombre
856 ## - URL - UBICACIÓN
URI/URL: Enlace exacto del recurso <a href="https://www-architectureopenlibrary-com.ucsp.lookproxy.com/eng">https://www-architectureopenlibrary-com.ucsp.lookproxy.com/eng</a>
Nota pública: Versión digital <a href="Véase además: Base de datos Architecture Open Library">Véase además: Base de datos Architecture Open Library</a>
942 ## - ELEMENTOS DE KOHA
Tipo de documento Libro
Nombre del creador Justo Noguera
Código de catalogador Mirtha Ponce
Esquema de clasificación Dewey Decimal Classification
Suppress in OPAC
Existencias
Codigo completo Registro Colección Copia número Disponibilidad Tipo de préstamo Biblioteca Actual Procedencia (Biblioteca) Ubicacón Fecha Ingreso Tipo de Adquisición Observación Date last seen Total checkouts Price effective from Tipo de Item Estado del Material Fuente de Clasificación Damaged status Withdrawn status
711.409852 K414 1086520 Universidad Católica San Pablo 1 Disponible Disponible Víctor Andrés Belaunde Víctor Andrés Belaunde Segundo piso 10/03/2026 Compra Arquitectura 20/03/2026   20/03/2026 Libro Bueno Dewey Decimal Classification